000 00602nam a2200241Ia 4500
003 OSt
005 20221005131126.0
006 a|||||r|||| 00| 0
007 ta
008 221004b |||||||| |||| 00| 0 kan d
024 _a60692
037 _cTextual
040 _aCRL
_cCRL
_bkan
041 _2kan
_akan
082 _aO33,1N36:g, K6
100 _aShivananda Au.
_9639140
245 0 _aShada ksharadeva
260 _c1966
650 _a KANNAD POETRY
650 _aKANNAD LITERATURE
942 _hO33,1N36:g, K6
_cTEXL
_2cc
999 _c1059410
_d1059410